LEADER 01161nam 22003973 450 001 996596168903316 005 20240605084506.0 010 $a3-8394-6699-7 035 $a(CKB)32140541300041 035 $a(MiAaPQ)EBC31361143 035 $a(Au-PeEL)EBL31361143 035 $a(EXLCZ)9932140541300041 100 $a20240605d2024 uy 0 101 0 $aeng 135 $aur||||||||||| 181 $ctxt$2rdacontent 182 $cc$2rdamedia 183 $acr$2rdacarrier 200 10$aShared Heritage Revisited $eNational and Postnational Dimensions on the Example of Germans, Palestinians and Israelis 205 $a1st ed. 210 1$aBielefeld :$ctranscript Verlag,$d2024. 210 4$d©2024. 215 $a1 online resource (379 pages) 225 1 $aCultural Heritage Studies 311 $a3-8376-6699-9 410 0$aCultural Heritage Studies 676 $a363.69 700 $aMarkovich$b Dalya Yafa$01738506 701 $aDätsch$b Christiane$01738507 801 0$bMiAaPQ 801 1$bMiAaPQ 801 2$bMiAaPQ 906 $aBOOK 912 $a996596168903316 996 $aShared Heritage Revisited$94160807 997 $aUNISA LEADER 02039nas 2200637- 450 001 9910893047303321 005 20220528213020.0 035 $a(DE-599)ZDB2145977-0 035 $a(OCoLC)50136117 035 $a(CKB)991042731886484 035 $a(CONSER)--2018207095 035 $a(EXLCZ)99991042731886484 100 $a20020708b19922016 s-- - 101 0 $aeng 135 $auran||||||||| 181 $ctxt$2rdacontent 182 $cc$2rdamedia 183 $acr$2rdacarrier 200 00$aBaltic astronomy 210 1$aVilnius :$cInstitute of Theoretical Physics and Astronomy,$d1992-2016. 215 $a1 online resource 311 $a1392-0049 531 $aBALT ASTRON 531 $aBALT. ASTRON 606 $aAstronomy$vPeriodicals 606 $aAstronomy$xResearch$zBaltic States$vPeriodicals 606 $aAstrophysics$vPeriodicals 606 $aAstrophysics$xResearch$zBaltic States$vPeriodicals 606 $aAstronomie$vPériodiques 606 $aAstronomie$xRecherche$zPays baltes$vPériodiques 606 $aAstrophysique$vPériodiques 606 $aAstrophysique$xRecherche$zPays baltes$vPériodiques 606 $aAstronomy$2fast$3(OCoLC)fst00819673 606 $aAstronomy$xResearch$2fast$3(OCoLC)fst00819727 606 $aAstrophysics$2fast$3(OCoLC)fst00819797 606 $aAstrophysics$xResearch$2fast$3(OCoLC)fst00819813 607 $aBaltic States$2fast 608 $aPeriodicals.$2fast 615 0$aAstronomy 615 0$aAstronomy$xResearch 615 0$aAstrophysics 615 0$aAstrophysics$xResearch 615 6$aAstronomie 615 6$aAstronomie$xRecherche 615 6$aAstrophysique 615 6$aAstrophysique$xRecherche 615 7$aAstronomy. 615 7$aAstronomy$xResearch. 615 7$aAstrophysics. 615 7$aAstrophysics$xResearch. 676 $a520/.5 712 02$aInstitute of Theoretical Physics and Astronomy, 906 $aJOURNAL 912 $a9910893047303321 996 $aBaltic astronomy$92238792 997 $aUNINA